000 00758nam a22002777a 4500
003 UA-OsUOA
001 36996
007 ta
008 20060220b un ||||| |||| 00| 0 ukr d
100 _aГридчина М.В.
700 _aВдовиченко Н.И.
700 _aКалина А.В.
090 _a336.221.4(477)
_bГ83
942 _cBK
040 _aUA-OsUOA
_brus
_cUA-OsUOA
_dUA-OsUOA
245 _aНалоговая система Украины
_bУчебное пособие
300 _a128 с.
955 _a2
041 _arus
080 _a336.221.4(477)
020 _a966-608-117-2
260 _aК.
_bМАУП
_c2001
250 _n2-е изд., стереотип.
650 7 _a336 Фінанси
_2UDC
999 _c322312
_d322312